A NavPress Bible study on the book of Romans. (Record no. 5686)
[ view plain ]
| 000 -LEADER | |
|---|---|
| fixed length control field | 01159cam a2200289Ia 4500 |
| 001 - CONTROL NUMBER | |
| control field | 17566957 |
| 003 - CONTROL NUMBER IDENTIFIER | |
| control field | OCoLC |
| 005 - DATE AND TIME OF LATEST TRANSACTION | |
| control field | 20190109093106.0 |
| 008 - FIXED-LENGTH DATA ELEMENTS--GENERAL INFORMATION | |
| fixed length control field | 880302s1987 cou 000 0 eng d |
| 020 ## - INTERNATIONAL STANDARD BOOK NUMBER | |
| International Standard Book Number | 0891090738 |
| 020 ## - INTERNATIONAL STANDARD BOOK NUMBER | |
| International Standard Book Number | 9780891090731 |
| 035 ## - SYSTEM CONTROL NUMBER | |
| System control number | (OCoLC)17566957 |
| Canceled/invalid control number | (OCoLC)855171113 |
| 040 ## - CATALOGING SOURCE | |
| Original cataloging agency | JBT |
| Language of cataloging | eng |
| Transcribing agency | JBT |
| Modifying agency | KLF |
| -- | OCL |
| -- | BAKER |
| -- | SGB |
| -- | OCLCQ |
| -- | OCLCO |
| -- | OCLCA |
| -- | OCLCF |
| 082 ## - DEWEY DECIMAL CLASSIFICATION NUMBER | |
| Classification number | 227.1 |
| 092 ## - LOCALLY ASSIGNED DEWEY CALL NUMBER (OCLC) | |
| Classification number | 227.107 |
| Item number | N316L, 1987 |
| 245 02 - TITLE STATEMENT | |
| Title | A NavPress Bible study on the book of Romans. |
| 260 ## - PUBLICATION, DISTRIBUTION, ETC. | |
| Place of publication, distribution, etc. | Colorado Springs, Colo. : |
| Name of publisher, distributor, etc. | NavPress, |
| Date of publication, distribution, etc. | ©1987. |
| 300 ## - PHYSICAL DESCRIPTION | |
| Extent | 213 pages ; |
| Dimensions | 22 cm. |
| 336 ## - CONTENT TYPE | |
| Content type term | text |
| Content type code | txt |
| Source | rdacontent |
| 337 ## - MEDIA TYPE | |
| Media type term | unmediated |
| Media type code | n |
| Source | rdamedia |
| 338 ## - CARRIER TYPE | |
| Carrier type term | volume |
| Carrier type code | nc |
| Source | rdacarrier |
| 490 1# - SERIES STATEMENT | |
| Series statement | Life change series |
| 520 ## - SUMMARY, ETC. | |
| Summary, etc. | A NavPress Bible study emphasizing: personal discovery of God's Word; Application of Scripture to your daily life; Scene-setting historical insights; Mini leader's guides for small groups; Helpful word origins and definitions; Stimulating discussion questions; Challenging optional projects. |
| 630 00 - SUBJECT ADDED ENTRY--UNIFORM TITLE | |
| Uniform title | Bible. |
| Name of part/section of a work | N.T. |
| -- | Romans. |
| General subdivision | Study and teaching. |
| 830 #0 - SERIES ADDED ENTRY--UNIFORM TITLE | |
| Uniform title | Life change series. |
| 942 ## - ADDED ENTRY ELEMENTS (KOHA) | |
| Source of classification or shelving scheme | Dewey Decimal Classification |
| Koha item type | Books |
| Withdrawn status | Lost status | Source of classification or shelving scheme | Damaged status | Not for loan | Collection code | Home library | Current library | Shelving location | Date acquired | Cost, normal purchase price | Total Checkouts | Full call number | Barcode | Date last seen | Price effective from | Koha item type |
|---|---|---|---|---|---|---|---|---|---|---|---|---|---|---|---|---|
| Dewey Decimal Classification | Non-fiction | Harvest Mission College | Harvest Mission College | General Stacks | 09.01.2019 | 460.00 | 227.1 | 006447 | 09.01.2019 | 09.01.2019 | Books | |||||
| Dewey Decimal Classification | Non-fiction | Harvest Mission College | Harvest Mission College | General Stacks | 09.01.2019 | 460.00 | 227.1 | 011984 | 23.02.2021 | 09.01.2019 | Books |
